NFWMB - Hozier (All Lyrics) - Statistics

General Stats
  • This quiz has been taken 68 times
  • The average score is 173 of 211
Answer Stats
Answer % Correct
baby?
96%
baby
96%
I
96%
a
93%
my
93%
To
93%
to
93%
with
93%
you
93%
be
91%
fucks
91%
Nothing
91%
nothing
91%
The
91%
the
91%
When
91%
and
89%
in
87%
it
87%
was
87%
first
84%
of
84%
on
84%
saw
84%
then
84%
your
84%
look
82%
me
82%
Ain't
80%
end
80%
soon
80%
at
78%
Bethlehem
78%
can
78%
get
78%
good
78%
If
78%
rest
78%
as
76%
by
76%
Give
76%
heart
76%
Honey
76%
I'd
76%
soul
76%
wanna
76%
belongs
73%
best
73%
born
73%
charity
73%
Held
73%
blackthorn
71%
enemies
71%
pyre
71%
tree
71%
where
71%
felled
69%
Fuel
69%
rolling
69%
sound
69%
caught
67%
gentle
67%
Must've
67%
'Cause
64%
graves?
64%
like
64%
makes?
64%
slouched
64%
thunder
64%
babe?
60%
lay?
60%
rumble
60%
earth
58%
under
56%
exciting
53%
flames?
53%
world
49%
up
47%
gone
44%
shade?
44%
throwing
44%
warming
44%
life
42%
waste
42%
lighting
40%
you're
33%
blaze?
31%
watch
31%
they'd
18%
No matching quizzes found
Score Distribution
Percent of People with Each Score
Percentile by Number Answered
Your Score History
You have not taken this quiz